Gares des Pyrénées Orientales - Statistiques

Statistiques générales
  • Ce quiz a été pris 91 fois
  • Le résultat moyen est 19 sur 40
Statistiques - réponses
Nombre de voyageurs Gares % Correct
2 058 369 Perpignan
99%
295 520 Villefranche - Vernet les Bains
89%
141 598 Rivesaltes
86%
166 104 Collioure
85%
78 528 Cerbère
83%
192 314 Argelès sur Mer
80%
95 090 Latour de Carol - Enveitg
77%
30 050 Prades - Molitg les Bains
77%
49 134 Port Vendres
75%
83 129 Elne
72%
44 852 Salses
72%
107 964 Banyuls sur Mer
70%
66 678 Font Romeu - Odeillo Via
70%
90 115 Mont Louis - La Cabanasse
59%
14 890 Ille sur Têt
58%
5 860 Le Soler
56%
5 312 Bourg Madame
55%
7 980 Millas
49%
289 Ur - Les Escaldes
49%
3 389 Saint Féliu d'Aval
46%
5 415 Porté Puymorens
42%
8 487 Vinça
38%
3 776 Olette - Canaveille les Bains
37%
330 Serdinya
37%
2 636 Marquixanes
32%
3 713 Saillagouse
32%
5 275 Fontpédrouse - Saint Thomas les Bains
31%
638 Osséja
30%
2 305 Ria
30%
638 Err
28%
513 Thuès les Bains
27%
322 Estavar
24%
263 Sainte Léocadie
24%
4 565 Bolquère - Eyne
23%
3 921 Thuès Carança
23%
65 Bena Fanes
20%
229 Sauto
18%
935 Planès
15%
82 Joncet
13%
314 Nyer
13%
Aucun quiz correspondant
Distribution des résultats
% des personnes avec chaque résultat
Percentile par nombre de réponses
Votre historique - résultats
Vous n’avez pas pris ce quiz